Представление документа в формате MARC21

Поле Инд. ПП Название Значение
Тип записи a
Библиографический уровень b
001 Контрольный номер RU/IS/BASE/105461246
005 Дата корректировки 20200630193222.5
084 a Индекс другой классификации/Индекс ББК 60.506
100 1_ a Автор Масленников Е. В.
245 a Заглавие Некоторые принципы формирования концептуальной модели предмета в социологическом исследовании
500 a Примечание В рубрике "В помощь преподавателю"
504 a Библиография Библиогр. ссылки
650 a Основная рубрика социология
653 a Ключевые слова концептуальная модель
a Ключевые слова концептуальная схема понятий
a Ключевые слова концептуальное проектирование
a Ключевые слова концептуальный анализ
a Ключевые слова метод концептуального анализа
a Ключевые слова методология исследования
a Ключевые слова методы теоретических исследований
a Ключевые слова построение концептуальной схемы
a Ключевые слова предмет исследования
a Ключевые слова предметная область исследования
a Ключевые слова социальная реальность
a Ключевые слова социологическое исследование
773 d Дата издания источника 2003
g Прочая информация № 1. - С. 158 - 169
t Заглавие источника Вестник Московского университета. Серия 18, Социология и политология
w Контрольный № источника RU/IS/BASE/103733045
901 t Тип документа b